The Young Ones Episodes Quiz Stats

 Plays Quiz not verified by Sporcle

Score 0/12 Timer 10:00
0 Plays Today
Synopsis Episode % Correct
Upon moving into a new house, Vyvyan finds something in the cellar. Mike forces Rick and Neil to do the mining, but Rick retaliates by holding a benefit concert for himself and NeiOil
85.8%
The boys go to the launderette and compete against Footlights College, Oxbridge in University Challenge. Bambi
85.1%
While ill, the boys must deal with an escaped criminal and worse, Neil's parents. Sick
83.3%
The boys attempt to fight off boredom whilst several very exciting things go unnoticed around them.Boring
82.9%
Summer is here and the lads finally get their results. Summer holiday
82.5%
Rick tries to hold the country to ransom, Mike attempts to sell a precious item to the highest bidder while Neil builds a shelter. But worse, a television licence inspector calls, Bomb
80%
A strange package from South Africa interferes with plans to watch a video nasty on a rented VCR. Nasty
80%
During heavy rains, Vyvyan briefly visits Narnia during a game of hide-and-seek, and the boys attempt to cook Neil as a solution to their food problems — but are distracted when Flood
77.5%
The boys get a letter from the council telling them their squalid house will be knocked down. Vyvyan attempts to stop this by beating the construction crew to it, while Mike tries Demolition
68%
Rick wakes up in bed next to a beautiful girl, and the house passes through a time warp. Time
66.5%
Skint, and burning all of their possessions for heat, Neil is forced (by his flatmates) to join the police force. Meanwhile, Vyvyan is pregnant. Cash
65.5%
The boys host a party that gets out of hand. Interesting
60.7%

You're not logged in!

Compare scores with friends on all Sporcle quizzes.
OR
Log In

Show Comments

Extras

Top Quizzes Today


Score Distribution

Your Account Isn't Verified!

In order to create a playlist on Sporcle, you need to verify the email address you used during registration. Go to your Sporcle Settings to finish the process.

Report this User

Report this user for behavior that violates our Community Guidelines.

Details: